Opere /
Sábháilte in:
| Príomhchruthaitheoir: | |
|---|---|
| Rannpháirtithe: | |
| Formáid: | LEABHAR |
| Teanga: | Iodáilis |
| Foilsithe / Cruthaithe: |
Milano :
Classici Bompiani
|
| Sraith: | I classici Bompiani
|
| Clibeanna: |
Níl clibeanna ann, Bí ar an gcéad duine le clib a chur leis an taifead seo!
|
MARC
| LEADER | 00000nam a22000007ia4500 | ||
|---|---|---|---|
| 001 | IT\ICCU\RAV\1954397 | ||
| 003 | ItRI | ||
| 005 | 20241224112348.0 | ||
| 008 | 120121m2000 it |||||| ||||| |||||c | ||
| 040 | |b ita |c Arcigay Rimini | ||
| 041 | 7 | |a ita |2 ISO-639-2 | |
| 082 | |a 853.914 |2 21 | ||
| 100 | 1 | |a Tondelli, Pier Vittorio |0 IT\ICCU\CFIV\016813 | |
| 240 | 1 | 0 | |a Opere |9 Tondelli, Pier Vittorio |
| 245 | 1 | 0 | |a Opere / |c Pier Vittorio Tondelli ; a cura di Fulvio Panzeri. |
| 260 | |a Milano : |b Classici Bompiani | ||
| 300 | |a volumi ; |c 18 cm | ||
| 700 | 1 | |a Panzeri, Fulvio |0 IT\ICCU\CFIV\085508 |4 edt | |
| 830 | 2 | |a I classici Bompiani |0 IT\ICCU\CFI\0016694 | |
| 942 | |2 ddc |c BK | ||
| 952 | |0 0 |1 0 |2 ddc |4 0 |6 853_914000000000000_TON_OPE |7 1 |9 2336 |a RN |b RN |d 2024-12-24 |l 0 |o 853.914 TON OPE |p 9789 |r 2024-12-24 11:24:52 |w 2024-12-24 |y BK | ||
| 952 | |0 0 |1 0 |2 ddc |4 0 |6 P__34_000000000000000 |7 0 |9 9785 |a VT |b VT |d 2025-10-21 |e Deposito Giordano Piccirilli |i PIC38 |l 0 |o P.34 |p PIC38 |r 2025-10-21 17:16:25 |w 2025-10-21 |y BK |z Deposito Giordano Piccirilli | ||
| 981 | 1 | |6 z01 |a i |b xxxe | |
| 982 | 1 | |6 z01 |a n | |
| 999 | |c 2041 |d 2041 | ||